Countries Whose Highest Points Are Lowest - Statistics

General Stats
  • This quiz has been taken 37 times
  • The average score is 13 of 20
Answer Stats
m country ft % Correct
71 Nauru 233
86%
81 Kiribati 266
83%
5 Maldives 16
83%
10 Marshall Islands 33
81%
242 Palau 794
81%
5 Tuvalu 15
81%
253 Malta 830
75%
171 Denmark 561
69%
63 Bahamas 207
67%
161 Monaco 528
67%
103 Qatar 338
64%
75 Vatican City 246
64%
122 Bahrain 400
61%
68 Niue
Latvia
223
61%
164 Singapore 537
61%
188 Aruba
Estonia
617
56%
306 Kuwait 1004
44%
294 Lithuania 964
44%
53 Gambia 174
39%
300 Guinea-Bissau 984
28%
No matching quizzes found
Score Distribution
Percent of People with Each Score
Percentile by Number Answered
Your Score History
You have not taken this quiz